Sakura : Haiku et autres poèmes d'ínpiration japonaire
Uloženo v:
| Hlavní autor: | |
|---|---|
| Médium: | Kniha |
| Jazyk: | Undetermined |
| Vydáno: |
Canada
Vermillon
1996
|
| Témata: | |
| Tagy: |
Přidat tag
Žádné tagy, Buďte první, kdo otaguje tento záznam!
|
| Thư viện lưu trữ: | Trung tâm Học liệu Trường Đại học Cần Thơ |
|---|
| LEADER | 00576nam a2200205Ia 4500 | ||
|---|---|---|---|
| 001 | CTU_41583 | ||
| 008 | 210402s9999 xx 000 0 und d | ||
| 082 | |a 841.54 | ||
| 082 | |b C553 | ||
| 100 | |a Chrétten, Florian | ||
| 245 | 0 | |a Sakura : | |
| 245 | 0 | |b Haiku et autres poèmes d'ínpiration japonaire | |
| 245 | 0 | |c Florian Chrétten | |
| 260 | |a Canada | ||
| 260 | |b Vermillon | ||
| 260 | |c 1996 | ||
| 650 | |a Canadian peotry ( french ) | ||
| 650 | |y 20th century | ||
| 904 | |i Nguyễn Quang Điền | ||
| 980 | |a Trung tâm Học liệu Trường Đại học Cần Thơ | ||